000 00521nam a2200181Ia 4500
003 GCL
008 140319s9999 xx 000 0 ara d
040 _aGCL /
_cGCL
082 0 4 _a621.388
_bف ا
100 1 _aفاروق تركى
245 1 0 _aاصلاح التلفزيون الجولد ستار 150 /
_cفاروق تركى
260 _a[S.N] :
_bالدار العربية للكتاب ،
_c1993
300 _a99 ص
490 _a
650 0 4 _aالتليفزيون
650 0 4 _aالتصليح
942 _2ddc
_cBK
999 _c30339
_d30339